000 00516nam a22001697a 4500
999 _c9132
_d9132
008 210325b ||||| |||| 00| 0 eng d
040 _aBMS College of Architecture
100 _aNoronha, Anthony, Chetan
245 _aMarine oceanarium Mangalore
300 _avii,52p.
500 _a1BM05AT009
502 _8B.Arch
_NBMS College of Architecture, Visvesvaraya Technological University
_aProject report
_d2010
650 _aMangalore
700 _aPushpa D
_eGuide
700 _aK Manjula
_eGuide
942 _2ddc
_cTHE